| 000 | 00890nam a2200241 a 4500 | ||
|---|---|---|---|
| 001 | 000039389 | ||
| 005 | 20201002031627.0 | ||
| 008 | 130625s1990 sp 000 0 spa d | ||
| 020 | _a8400070208 | ||
| 040 |
_aDO-SdBNP _bspa _cBNPHU |
||
| 100 | 1 |
_aAutor: López Medel, Tomás _965599 |
|
| 245 | 1 | 0 |
_aColonización de América / _ceditores Tomas Lopez Medel ; L. Pereña, C. Baciero, F. Maseda. |
| 260 |
_aMadrid : _bConsejo Superior de Investigaciones Científicas, _c1990. |
||
| 300 |
_aXVI, 403 p. ; _c21 cm. |
||
| 490 | 1 |
_aCorpus Hispanorum de Pace ; _v28 |
|
| 500 | _aÍndices | ||
| 504 | _aBibliografía: p. [375]-378 | ||
| 504 | _aIncluye referencias bibliográficas y notas al pie de las páginas | ||
| 700 | 1 |
_aBaciero, Carlos, _eed. _965600 |
|
| 700 | 1 |
_aMaseda, F., _eed. _965601 |
|
| 700 | 1 |
_aPereña, Luciano, _eedl _914911 |
|
| 830 | 0 |
_aCorpus Hispanorum de Pace ; _v28 _915705 |
|
| 999 |
_c38879 _d38879 |
||